| 000 | 00653nam a2200193 u 4500 | ||
|---|---|---|---|
| 005 | 20220531063619.0 | ||
| 008 | 100202s2007 r 000 0 eng d | ||
| 020 | _a9789875382077 | ||
| 035 | _aUPN01000174396 | ||
| 049 | _aCG | ||
| 050 | 4 |
_aT58.5 _bN8.4 |
|
| 245 | 0 | 0 |
_aNuevas tecnologías, saberes, amores y violencias : _bconstrucción de identidades dentro y fuera de la escuela / _ccoord. Alejandro Spiegel. |
| 260 |
_aBuenos Aires : _bNoveduc, _c2007. |
||
| 300 |
_a175 p. : _bil. |
||
| 440 | 0 |
_aEnsayos y experiencias ; _v68 |
|
| 650 | 2 |
_aTecnología de la información _94816 |
|
| 700 | 1 |
_aSpiegel, Alejandro, _ecoord. _930039 |
|
| 905 | _aLibro | ||
| 999 |
_c146500 _d146500 |
||